Aufstellung CL Finale 2020 - Statistiken

Allgemein
  • Dieses Quiz wurde 126 mal gespielt
  • Das Durchschnittsergebnis liegt bei 15 aus 22
Antwortstatistiken
Position Antwort % Korrekt
TW Neuer
99%
ST Lewandowski
96%
ZOM Müller
95%
RV Kimmich
93%
LM Coman
92%
LF Neymar
91%
RM Gnabry
90%
IV Boateng
89%
ST Mbappe
87%
LV Davies
86%
ZDM Goretzka
78%
TW Navas
76%
ZDM Marquinhos
73%
ZDM Thiago
72%
IV Alaba
71%
RF Di Maria
53%
IV Thiago Silva
45%
IV Kimpembe
39%
LV Bernat
38%
ZM Paredes
14%
RV Kehrer
13%
ZM Herrera
3%
Keine übereinstimmenden Quizze gefunden
Verteilung der Resultate
Anzahl Personen mit jedem Resultat
Perzentil nach korrekt beantworteten Fragen
Ihre Resultats-Entwicklung
Sie haben dieses Quiz noch nicht gespielt